| 000 | 00641nam a2200181 a 4500 | ||
|---|---|---|---|
| 001 | 000043413 | ||
| 005 | 20201002040906.0 | ||
| 008 | 140314s1987 mx ac 000 0 spa d | ||
| 020 | _a9681622928 | ||
| 040 |
_aDO-SdBNP _bspa _cBNPHU |
||
| 100 | 1 |
_aKrauze, Enrique. _969482 |
|
| 245 | 1 | 0 |
_aPlutarco E. Calles : _breformar desde el origen / _cEnrique Krauze ; investigación iconográfica, Aurelio de los Reyes. |
| 260 |
_aMéxico : _bFondo de Cultura Económica, _c1987. |
||
| 300 |
_a154 p. : _bil., retrs. ; _c26 cm. |
||
| 490 | 1 |
_aBiografía del poder _v7 |
|
| 504 | _aBibliografía : p. 153 - 154 | ||
| 830 | 0 |
_aBiografía del poder _v7 _971076 |
|
| 999 |
_c42902 _d42902 |
||